[Event "AUTO-INT-1483"]
[Site "http://www.queenalice.com/game.php?id=668701"]
[Date "2009.10.17"]
[Round "1"]
[White "Sassi"]
[Black "andrevillares"]
[Result "0-1"]
[WhiteElo "1541"]
[BlackElo "1865"]

1. e4 Nf6 2. Nc3 d5 3. exd5 Nxd5 4. Nxd5 Qxd5 5. b3 Qe5+ 6. Be2 Qxa1 7. Nf3 Nc6
8. Bb5 Bg4 9. Bxc6+ bxc6 10. O-O Qf6 11. d3 e6 0-1

[Event "AUTO-INT-1497"]
[Site "http://www.queenalice.com/game.php?id=674456"]
[Date "2009.10.29"]
[Round "1"]
[White "Sassi"]
[Black "vieri"]
[Result "1-0"]
[WhiteElo "1589"]
[BlackElo "1436"]

1. e4 e5 2. Nf3 Nc6 3. Nc3 Bc5 4. Be2 Nf6 5. h3 O-O 6. O-O b6 7. b3 d6 8. Bb2
Nh5 9. Nd5 Bb7 10. d3 Nb4 11. Nxb4 Bxb4 12. a3 Bc5 13. b4 Bd4 14. Nxd4 g6 15.
Bxh5 gxh5 16. Nf5 c6 17. Qxh5 Qf6 18. Qg4+ Kh8 19. Bc1 Rg8 20. Qf3 Rad8 21. h4
c5 22. Bg5 Rxg5 23. hxg5 Qxg5 24. g3 d5 25. Rae1 dxe4 26. dxe4 Rd2 27. Kg2 Bc8
28. Rh1 cxb4 29. Rh5 Qf6 30. Qg4 Bxf5 31. exf5 bxa3 32. Rxh7+ Kxh7 33. Rh1+ Qh6
34. f6 a2 35. Qg7# 1-0

[Event "AUTO-INT-1497"]
[Site "http://www.queenalice.com/game.php?id=674457"]
[Date "2009.10.29"]
[Round "1"]
[White "vieri"]
[Black "Sassi"]
[Result "0-1"]
[WhiteElo "1459"]
[BlackElo "1555"]

1. e4 e5 2. d3 b6 3. Nf3 Nc6 4. Bg5 f6 5. Nc3 fxg5 6. Nd5 Nf6 7. g3 Nxd5 8. exd5
Nd4 9. Nxe5 Qf6 10. Ng4 Nf3+ 11. Ke2 Qf5 12. h3 Qxd5 13. Bg2 Qe6+ 14. Kxf3 Bb7#
0-1

[Event "AUTO-INT-1566"]
[Site "http://www.queenalice.com/game.php?id=706893"]
[Date "2010.1.1"]
[Round "1"]
[White "dladuke7"]
[Black "Sassi"]
[Result "1-0"]
[WhiteElo "1689"]
[BlackElo "1600"]

1. e4 e5 2. Nf3 Nc6 3. Nc3 Nf6 4. Bc4 h6 5. O-O Bc5 6. d3 O-O 7. Qe2 d6 8. Be3
b6 9. Nh4 Bxe3 10. Qxe3 Nd4 11. Nd5 Nxc2 12. Qg3 Nd4 13. Nf5 Ne2+ 14. Kh1 Nxg3+
15. hxg3 Bxf5 16. exf5 Nxd5 17. Bxd5 Rb8 18. Bc6 d5 19. f4 Qf6 20. Bxd5 Qxf5 21.
Be4 Qh5+ 22. Kg1 exf4 23. Rxf4 Qc5+ 24. Kh1 f5 25. d4 Qb5 26. Bc2 Qxb2 27. Rff1
Qxc2 28. Kh2 c5 29. d5 Rbe8 30. d6 1-0

[Event "AUTO-INT-1566"]
[Site "http://www.queenalice.com/game.php?id=706894"]
[Date "2010.1.1"]
[Round "1"]
[White "Sassi"]
[Black "dladuke7"]
[Result "0-1"]
[WhiteElo "1614"]
[BlackElo "1675"]

1. e4 e5 2. Nf3 Nc6 3. Bb5 Nf6 4. Bxc6 dxc6 5. Nc3 Bg4 6. h3 Bxf3 7. Qxf3 Qd4 8.
O-O O-O-O 9. Ne2 Qxe4 10. Qxe4 Nxe4 11. d3 Nc5 12. b3 Bd6 13. g4 e4 14. dxe4
Nxe4 15. Nd4 Be5 16. Be3 Bxd4 17. Rad1 Nc3 18. Rd3 Ne2+ 19. Kg2 Rhe8 20. Kf3 h6
21. Kxe2 Bxe3 22. fxe3 Rxd3 23. Kxd3 f6 24. e4 c5 25. Rf5 b6 26. a4 a5 27. h4 c6
28. h5 Kd7 29. c3 Ke6 30. Ke3 Rd8 31. Ke2 c4 0-1

[Event "AUTO-INT-1566"]
[Site "http://www.queenalice.com/game.php?id=706915"]
[Date "2010.1.1"]
[Round "1"]
[White "RodriguesL"]
[Black "Sassi"]
[Result "1-0"]
[WhiteElo "1373"]
[BlackElo "1562"]

1. e4 e5 2. Nf3 Nc6 3. d4 exd4 4. Nxd4 Nge7 5. Bf4 Nxd4 6. Qxd4 Nc6 7. Qd1 Bb4+
8. Nd2 O-O 9. e5 Re8 10. Bd3 Nxe5 11. O-O 1-0

[Event "AUTO-INT-1566"]
[Site "http://www.queenalice.com/game.php?id=706916"]
[Date "2010.1.1"]
[Round "1"]
[White "Sassi"]
[Black "RodriguesL"]
[Result "0-1"]
[WhiteElo "1588"]
[BlackElo "1347"]

1. e4 e5 2. Nf3 Nc6 3. Bb5 d5 4. Bxc6+ bxc6 5. Nxe5 Be6 6. Nxc6 Qd7 7. Nd4 dxe4
8. c3 Bd5 9. O-O Bc5 10. Re1 Nf6 0-1

[Event "Let's Play Chess!"]
[Site "http://www.queenalice.com/game.php?id=719082"]
[Date "2010.1.23"]
[Round "-"]
[White "charles31"]
[Black "Sassi"]
[Result "1-0"]
[WhiteElo "1702"]
[BlackElo "1529"]

1. e4 e5 2. Nf3 d6 3. h3 Nf6 4. Nc3 b6 5. Bb5+ c6 6. Ba4 Be6 7. d4 exd4 8. Nxd4
b5 9. Bb3 Bxb3 10. Nxb3 g6 11. Qf3 Bg7 12. Bg5 O-O 13. O-O-O Qc7 14. Bxf6 Bxf6
15. Qxf6 Nd7 16. Qf4 Ne5 17. h4 1-0

[Event "Let's Play Chess!"]
[Site "http://www.queenalice.com/game.php?id=719083"]
[Date "2010.1.23"]
[Round "-"]
[White "Sassi"]
[Black "charles31"]
[Result "0-1"]
[WhiteElo "1518"]
[BlackElo "1862"]

1. e4 e5 2. Nf3 d6 3. Nc3 c6 4. d4 exd4 5. Nxd4 h6 6. Be2 Nf6 7. O-O b6 8. Be3
Bb7 9. Nf3 Be7 10. Re1 Na6 11. Qd2 c5 12. Rad1 Nxe4 13. Nxe4 Bxe4 14. Bxa6 Bxf3
15. Bb5+ Kf8 16. Be2 Bc6 17. c4 Qc7 0-1

[Event "AUTO-ADV-1624"]
[Site "http://www.queenalice.com/game.php?id=719107"]
[Date "2010.1.23"]
[Round "1"]
[White "silverado"]
[Black "Sassi"]
[Result "1-0"]
[WhiteElo "1861"]
[BlackElo "1620"]

1. e4 e5 2. Nc3 Nf6 3. Bc4 c6 4. a3 d5 5. exd5 cxd5 6. Ba2 Be7 7. b4 O-O 8. h3
Be6 9. Bb2 d4 10. Bxe6 fxe6 11. Na4 Qd7 12. c3 1-0

[Event "AUTO-ADV-1624"]
[Site "http://www.queenalice.com/game.php?id=719108"]
[Date "2010.1.23"]
[Round "1"]
[White "Sassi"]
[Black "michas"]
[Result "0-1"]
[WhiteElo "1538"]
[BlackElo "1823"]

1. e4 e5 2. Nf3 Nc6 3. Nc3 Nf6 4. Be2 h5 5. d3 Bb4 6. Bd2 d5 7. exd5 Nxd5 8.
Nxd5 Bxd2+ 9. Qxd2 Qxd5 10. O-O Bg4 0-1

[Event "AUTO-ADV-1624"]
[Site "http://www.queenalice.com/game.php?id=719109"]
[Date "2010.1.23"]
[Round "1"]
[White "michas"]
[Black "Sassi"]
[Result "1-0"]
[WhiteElo "1828"]
[BlackElo "1533"]

1. Nf3 d5 2. c4 dxc4 3. Na3 Qd5 4. Qa4+ Bd7 5. Qxc4 Qxc4 6. Nxc4 Nc6 7. d4 Nb4
8. Na3 O-O-O 9. Bd2 e6 10. e3 Nd5 11. Nc2 1-0

[Event "AUTO-ADV-1624"]
[Site "http://www.queenalice.com/game.php?id=719110"]
[Date "2010.1.23"]
[Round "1"]
[White "Sassi"]
[Black "QUINTAL"]
[Result "0-1"]
[WhiteElo "1520"]
[BlackElo "1875"]

1. e4 e5 2. Nf3 Nf6 3. Nxe5 d6 4. Nf3 Nc6 5. Nc3 Be7 6. Be2 O-O 7. O-O Ng4 8.
Nd5 Nce5 9. Nxe5 Nxe5 10. d4 Ng6 11. Be3 c6 12. Nc3 Kh8 13. Qd2 f5 14. exf5 Bxf5
15. Bd3 Bxd3 16. Qxd3 d5 17. Ne2 Bd6 18. Rae1 Qh4 19. h3 Rf7 20. Ng3 Bxg3 21.
fxg3 Rxf1+ 22. Rxf1 Qxg3 23. Rf3 Qe1+ 24. Rf1 Qa5 25. a3 Kg8 26. b4 Qc7 27. c4
Rf8 0-1

[Event "AUTO-ADV-1624"]
[Site "http://www.queenalice.com/game.php?id=719111"]
[Date "2010.1.23"]
[Round "1"]
[White "QUINTAL"]
[Black "Sassi"]
[Result "1-0"]
[WhiteElo "1785"]
[BlackElo "1529"]

1. e4 e5 2. Nf3 Nc6 3. Bc4 h6 4. d4 exd4 5. Nxd4 Qf6 6. Be3 Nxd4 7. Qxd4 c5 8.
Qxf6 Nxf6 9. Bd3 b6 10. O-O Be7 11. Nc3 O-O 12. h3 d6 13. Rad1 1-0